<?xml version="1.0" encoding="UTF-8"?><?xml-stylesheet type="text/xsl" href="static/style.xsl"?><OAI-PMH xmlns="http://www.openarchives.org/OAI/2.0/" xmlns:xsi="http://www.w3.org/2001/XMLSchema-instance" xsi:schemaLocation="http://www.openarchives.org/OAI/2.0/ http://www.openarchives.org/OAI/2.0/OAI-PMH.xsd"><responseDate>2026-06-02T21:51:44Z</responseDate><request verb="GetRecord" identifier="oai:riuma.uma.es:10630/11911" metadataPrefix="marc">https://riuma.uma.es/rest/oai/request</request><GetRecord><record><header><identifier>oai:riuma.uma.es:10630/11911</identifier><datestamp>2026-02-03T12:37:59Z</datestamp><setSpec>com_10630_2254</setSpec><setSpec>col_10630_37957</setSpec></header><metadata><record xmlns="http://www.loc.gov/MARC21/slim" xmlns:dcterms="http://purl.org/dc/terms/" xmlns:doc="http://www.lyncode.com/xoai" xmlns:xsi="http://www.w3.org/2001/XMLSchema-instance" xsi:schemaLocation="http://www.loc.gov/MARC21/slim http://www.loc.gov/standards/marcxml/schema/MARC21slim.xsd">
   <leader>00925njm 22002777a 4500</leader>
   <datafield ind2=" " ind1=" " tag="042">
      <subfield code="a">dc</subfield>
   </datafield>
   <datafield ind2=" " ind1=" " tag="720">
      <subfield code="a">De Bretas Freita, Felipe Negreiros</subfield>
      <subfield code="e">author</subfield>
   </datafield>
   <datafield ind2=" " ind1=" " tag="260">
      <subfield code="c">2015</subfield>
   </datafield>
   <datafield ind2=" " ind1=" " tag="520">
      <subfield code="a">Esta investigación realiza una observación etnográfica profunda a uno de los programas más exitosos de Turismo de Favela en Rio de Janeiro, los esfuerzos para el controle de la violencia y para la sostenibilidad del Turismo Justo como forma de incluir los habitantes de la comunidad entre los actores de esto destino peculiar denominado Favela da Providência. A partir del análisis de esta experiencia, se buscan extraer líneas de acción que permitan generar nuevas políticas para el controle de la violencia en áreas marginales y acciones que incluyen los habitantes de las Favelas en la actividad turística. Este trabajo presupone, por ende, una exhaustiva descripción de las dinámicas sociales al interior de esta comunidad, de su configuración histórica, de sus espacios y actores, y de las condiciones socio-culturales que permitieron el éxito y manutención de este proceso de desarrollo turístico Sostenible.</subfield>
   </datafield>
   <datafield ind1="8" ind2=" " tag="024">
      <subfield code="a">http://hdl.handle.net/10630/11911</subfield>
   </datafield>
   <datafield tag="653" ind2=" " ind1=" ">
      <subfield code="a">Turismo social</subfield>
   </datafield>
   <datafield ind2="0" ind1="0" tag="245">
      <subfield code="a">Turismo de Favela y Seguridad “La puesta en valor del Turismo Justo como herramienta para el desarrollo turístico sostenible del Museo a cielo abierto de la Favela da Providência en Rio de Janeiro</subfield>
   </datafield>
</record>
</metadata></record></GetRecord></OAI-PMH>